000 00240nam a2200097Ia 4500
001 643379
005 20250826153544.0
008 250824s9999 xx 000 0 und d
245 0 _aCOĞRAFYA ÇOK ZEVKLİ
_cJAMES DOYLE
260 _bGENÇ TİMAŞ
999 _c643379
_d643379